000 00914nam0a22002411 4500
001 rc\2729633
005 20250529133257.0
035 _a(NLR Aleph) 006857026
090 _a6807854
_c6807854
100 _a20110915d1937 |||y0rusy50 ca
101 0 _arus
102 _aRU
105 _ay b |||||
200 1 _aОбщие вопросы тяжелой промышленности
_eНагляд. пособия
_eКаталог книг, имеющихся на складах Книгосбыта Онти
_fКнигосбыт Онти
210 _a[Москва]
_cОнти
_d1937
_g1 журн. тип. ОНТИ
215 _a11 с., без тит. л., 1 с. "Содержание" на обл.
_d20Х14 см.
712 0 2 _a"Онти", Сбытовое упр-ние
801 0 _aRU
_bNLR
_gpsbo
801 1 _aRU
_bELAR
_2rusmarc
852 _aNLR
_jс755-670/О-29
942 _cBOOK
980 _aNB